| 000 | 00629nam a2200217 4500 | ||
|---|---|---|---|
| 003 | OSt | ||
| 005 | 20260530115256.0 | ||
| 008 | 260417b1992 mx a|||| |||| 00| 0 spa d | ||
| 020 | _a970620167x | ||
| 040 |
_aICI _bspa _cICI |
||
| 050 |
_aTH6485 _bS67 |
||
| 100 | 1 |
_aSoto Walls, Luis, _93276 |
|
| 245 | 1 | 0 |
_aEl diseno de lo privado : _b El bano / _cLuis Soto Walls |
| 264 | 1 |
_bUAM, Unidad Azcapotzalco, _c1992 _aMéxico : |
|
| 300 | _a147 páginas | ||
| 336 |
_atexto _2rdacontent |
||
| 337 |
_asin medio _2rdamedia |
||
| 338 |
_avolumen _2rdacarrier |
||
| 650 |
_aCuartos de baño _xDiseño y construcción |
||
| 942 |
_2lcc _cBK |
||
| 999 |
_c12608 _d12608 |
||